Southville International School and Colleges
Your cart is empty.
  • Cart
  • Lists
    Public lists Eva Luna New books Lux_list list_1
    Your lists Log in to create your own lists
  • Log in to your account
  • Your cookies
  • Search history
Southville International School and Colleges
  • Advanced search
  • Recent comments
  • Most popular
  • Libraries

Log in to your account

Log in with GOOGLE


If you do not have an external account, but do have a local account, you can still log in:

  1. Home
  2. MARC view: The shrieking skull /
Normal view MARC view ISBD view

The shrieking skull / (Record no. 8243)

[ view plain ]
MARC details
000 -LEADER
fixed length control field 00790cam a22002533a 4500
001 - CONTROL NUMBER
control field 16408217
003 - CONTROL NUMBER IDENTIFIER
control field OSt
005 - DATE AND TIME OF LATEST TRANSACTION
control field 20160728145847.0
008 - FIXED-LENGTH DATA ELEMENTS--GENERAL INFORMATION
fixed length control field 900809s1988 ctu j 000 1 eng d
010 ## - LIBRARY OF CONGRESS CONTROL NUMBER
LC control number 98808586
035 ## - SYSTEM CONTROL NUMBER
System control number (OCoLC)ocm22200849
040 ## - CATALOGING SOURCE
Original cataloging agency SSA
Transcribing agency SSA
Modifying agency BGU
-- OCLCQ
-- DLC
050 ## - LIBRARY OF CONGRESS CALL NUMBER
Classification number PZ 7
Item number .Ot87 1988
082 ## - DEWEY DECIMAL CLASSIFICATION NUMBER
Classification number KF
Item number Ot2sh 1988
100 1# - MAIN ENTRY--PERSONAL NAME
Personal name Otfinoski, Steven.
9 (RLIN) 6573
245 14 - TITLE STATEMENT
Title The shrieking skull /
Statement of responsibility, etc Steven Otfinoski.
260 ## - PUBLICATION, DISTRIBUTION, ETC. (IMPRINT)
Place of publication, distribution, etc Middletown, Conn. :
Name of publisher, distributor, etc Weekly Reader Books,
Date of publication, distribution, etc c1988.
300 ## - PHYSICAL DESCRIPTION
Extent 126 p. :
Dimensions 18 cm.
562 ## - COPY AND VERSION IDENTIFICATION NOTE
Number of copies For circulation. 1 copy available in the collection
710 2# - ADDED ENTRY--CORPORATE NAME
Corporate name or jurisdiction name as entry element Copyright Paperback Collection (Library of Congress)
Institution to which field applies DLC
9 (RLIN) 705
906 ## - LOCAL DATA ELEMENT F, LDF (RLIN)
a 7
b cbc
c copycat
d 2
e ncip
f 19
g y-genrareb
942 ## - ADDED ENTRY ELEMENTS (KOHA)
Source of classification or shelving scheme Library of Congress Classification
Koha item type Books
Holdings
Withdrawn status Lost status Source of classification or shelving scheme Damaged status Home library Current library Shelving location Date acquired Total Checkouts Full call number Barcode Date last seen Copy number Price effective from Koha item type
    Library of Congress Classification   Luxembourg Library Luxembourg Library Kids Fiction Section 07/30/2013   PZ 7 .Ot87 1988 10531 08/13/2013 1 07/30/2013 Books

The shrieking skull /

APA

Otfinoski S., Copyright Paperback Collection (Library of Congress), . (1988). The shrieking skull. Middletown, Conn: Weekly Reader Books.

Chicago

Otfinoski Steven, Copyright Paperback Collection (Library of Congress), . 1988. The shrieking skull. Middletown, Conn: Weekly Reader Books.

Harvard

Otfinoski S., Copyright Paperback Collection (Library of Congress), . (1988). The shrieking skull. Middletown, Conn: Weekly Reader Books.

MLA

Otfinoski Steven, Copyright Paperback Collection (Library of Congress), . The shrieking skull. Middletown, Conn: Weekly Reader Books. 1988.

  • Place hold
  • Print
  • Cite
  • Add to your cart (remove)
  • Save record
    BIBTEX Dublin Core MARCXML MARC (non-Unicode/MARC-8) MARC (Unicode/UTF-8) MARC (Unicode/UTF-8, Standard) MODS (XML) RIS
  • More searches
    Search for this title in:
    Other Libraries (WorldCat) Other Databases (Google Scholar) Online Stores (Bookfinder.com) Open Library (openlibrary.org)

Exporting to Dublin Core...

SOUTHVILLE LIBRARY

Southville International School and Colleges Library

1281 Tropical Ave. Cor. Luxembourg St., BF Homes International, Las Pinas City

Tel. No. 8256374 / 252358 Loc. 117/146

Powered by Koha